Principles of Communication (Record no. 4542)

MARC details
000 -LEADER
fixed length control field 00408nam a22001697a 4500
005 - DATE AND TIME OF LATEST TRANSACTION
control field 20160628155000.0
008 - FIXED-LENGTH DATA ELEMENTS--GENERAL INFORMATION
fixed length control field 160628b xxu||||| |||| 00| 0 eng d
020 ## - INTERNATIONAL STANDARD BOOK NUMBER
ISBN 81-85749-11-6
041 ## - LANGUAGE CODE
Language code of text/sound track or separate title eng
082 ## - DEWEY DECIMAL CLASSIFICATION NUMBER
Item number 11798
100 ## - MAIN ENTRY--AUTHOR NAME
Personal name Gautam, A.K.
245 ## - TITLE STATEMENT
Title Principles of Communication
260 ## - PUBLICATION, DISTRIBUTION, ETC. (IMPRINT)
Name of publisher S.K. Kataria & Sons
Year of publication 2012
300 ## - PHYSICAL DESCRIPTION
Number of Pages 293
650 ## - SUBJECT ADDED ENTRY--TOPICAL TERM
Topical Term Diploma Engineering
942 ## - ADDED ENTRY ELEMENTS (KOHA)
Koha item type Books
Holdings
Lost status Damaged status Home library Current library Shelving location Date acquired Cost, normal purchase price Full call number Accession Number Koha item type
    JRU Library   SHELF-35-A 28/06/2016 140.00 11798 11798 Books
    JRU Library   SHELF-35-A 28/06/2016 140.00 11798 11799 Books
    JRU Library   SHELF-35-D 28/06/2016 140.00 11798 11800 Books
    JRU Library   SHELF-35-B 28/06/2016 140.00 11798 11801 Books
    JRU Library   SHELF-35-B 28/06/2016 140.00 11798 11802 Books
    JRU Library   SHELF-35-A 28/06/2016 140.00 11798 11803 Books
    JRU Library   SHELF-35-A 28/06/2016 140.00 11798 11804 Books
    JRU Library   SHELF-35-D 28/06/2016 140.00 11798 11805 Books
    JRU Library   SHELF-35-B 28/06/2016 140.00 11798 11806 Books
    JRU Library   SHELF-35-A 28/06/2016 140.00 11798 11807 Books
    JRU Library   SHELF-35-B 28/06/2016 140.00 11798 11808 Books
    JRU Library   SHELF-35-A 28/06/2016 140.00 11798 11809 Books